000
00208 a2200097 4500
001
42775
100
_a
Odhams
245
_a
Haw and Why it Works
260
_a
Toronto
_b
Times Mirror
_c
090
_c
26666
_d
26666
942
_a
NUST-CAE
_c
M
_c
18520
999
_c
277848
_d
277848